Education & the university : (Record no. 29711)
[ view plain ]
| 000 -LEADER | |
|---|---|
| fixed length control field | 00872nam a2200265 a 4500 |
| 001 - CONTROL NUMBER | |
| control field | 29711 |
| 003 - CONTROL NUMBER IDENTIFIER | |
| rucl marc code | BD-RjUL |
| 005 - DATE AND TIME OF LATEST TRANSACTION | |
| control field | 20211209051441.0 |
| 008 - FIXED-LENGTH DATA ELEMENTS--GENERAL INFORMATION | |
| fixed length control field | 140407r19611948enk b 000 0 eng c |
| 035 ## - SYSTEM CONTROL NUMBER | |
| System control number | (BD-RjUL)29796 |
| 040 ## - CATALOGING SOURCE | |
| Original cataloging agency | MH |
| Transcribing agency | MH |
| Modifying agency | DLC |
| -- | BD-RjUL |
| Language of cataloging | eng |
| 041 ## - LANGUAGE CODE | |
| Language code of text/sound track or separate title | eng |
| 082 00 - DEWEY DECIMAL CLASSIFICATION NUMBER | |
| Classification number | 370.7 |
| Author mark and year | LEE 1961 |
| 100 1# - MAIN ENTRY--PERSONAL NAME | |
| Personal name | Leavis, F. R. |
| Fuller form of name | (Frank Raymond), |
| Dates associated with a name | 1895-1978. |
| 9 (RLIN) | 53241 |
| 245 10 - TITLE STATEMENT | |
| Title | Education & the university : |
| Remainder of title | a sketch for an "English school" / |
| Statement of responsibility, etc. | By F.R. Leavis. |
| 260 ## - PUBLICATION, DISTRIBUTION, ETC. (IMPRINT) | |
| Place of publication, distribution, etc. | London : |
| Name of publisher, distributor, etc. | Chatto and windus, |
| Date of publication, distribution, etc. | 1948 [Reprinted 1961]. |
| 300 ## - PHYSICAL DESCRIPTION | |
| Pagination | 171 p. ; |
| Size | 22 cm. |
| 504 ## - BIBLIOGRAPHY, ETC. NOTE | |
| Bibliography, etc | Includes bibliographical references. |
| 650 #0 - SUBJECT ADDED ENTRY--TOPICAL TERM | |
| Topical term or geographic name as entry element | Education, Higher. |
| 9 (RLIN) | 90469 |
| Topical term or geographic name as entry element | Universities and colleges |
| Geographic subdivision | England. |
| 9 (RLIN) | 90470 |
| Topical term or geographic name as entry element | Literature |
| General subdivision | Study and teaching |
| Geographic subdivision | England. |
| 9 (RLIN) | 90471 |
| 942 ## - ADDED ENTRY ELEMENTS (KOHA) | |
| Source of classification or shelving scheme | Dewey Decimal Classification |
| Koha item type | Books |
| Lost status | Source of classification or shelving scheme | Damaged status | Not for loan | Collection code | Permanent Location | Current Location | Shelving location | Date acquired | Source of acquisition | Cost, normal purchase price | Total Checkouts | Full call number | Date last seen | Copy number | Koha item type |
|---|---|---|---|---|---|---|---|---|---|---|---|---|---|---|---|
| Dewey Decimal Classification | Added to bundle | Non-fiction | Central Library, University of Rajshahi | Central Library, University of Rajshahi | Reading Room | 06/03/1964 | Zeitlinger | 10.60 | 370.7 LEE 1961 | 07/04/2014 | C-1 | Books |